[Event "Santo Domingo op"]
[Site "Santo Domingo"]
[Date "2017.04.01"]
[Round "1"]
[White "Ferreras Reyes, Oscar Halbey"]
[Black "Collado, Geremia"]
[Result "1-0"]
[WhiteElo "1979"]
[BlackElo "1682"]
[PlyCount "55"]
[EventDate "2017.04.01"]
[EventType "swiss"]
[EventRounds "7"]
[EventCountry "DOM"]
[SourceTitle "CBM 177 Extra"]
[Source "ChessBase"]
[SourceDate "2017.04.27"]
[SourceVersion "1"]
[SourceVersionDate "2017.04.27"]
[SourceQuality "1"]

1. d4 d5 2. c4 c6 3. Nc3 Nf6 4. Bf4 Bf5 5. cxd5 Nxd5 6. Bd2 Bg4 7. f3 Bh5 8. e4 Nxc3 9. Bxc3 e6 10. Bd3 Bd6 11. Ne2 Qh4+ 12. g3 Qe7 13. e5 Bb4 14. Nf4 Bxc3+ 15. bxc3 Bg6 16. Bc4 0-0 17. h4 h5 18. Bxe6 Nd7 19. Bb3 Bh7 20. 0-0 g5 21. Nxh5 Bg6 22. f4 gxh4 23. Qg4 Kh7 24. f5 Rg8 25. fxg6+ Rxg6 26. Bc2 Rag8 27. Qxd7 Qg5 28. Rxf7+ 1-0